[Event "Chigorin Memorial 08th"]
[Site "St Petersburg"]
[Date "2000.11.08"]
[Round "7"]
[White "Melnikov, Dmitry"]
[Black "Suprun, Alexandr"]
[Result "1-0"]
[WhiteElo "2256"]
[BlackElo "2082"]
[PlyCount "27"]
[EventDate "2000.10.31"]
[EventType "swiss"]
[EventRounds "9"]
[EventCountry "RUS"]
[SourceTitle "EXT 2001"]
[Source "ChessBase"]
[SourceDate "2000.11.22"]
[SourceVersion "1"]
[SourceVersionDate "2000.11.22"]
[SourceQuality "1"]

1. e4 c5 2. Nf3 Nc6 3. d4 cxd4 4. Nxd4 g6 5. Nc3 Bg7 6. Be3 Nf6 7. f3 0-0 8. Bc4 Qb6 9. a3 Nxe4 10. Nd5 Qxb2 11. fxe4 e6 12. Ra2 Qxa2 13. Bxa2 exd5 14. Bxd5 1-0

[Event "Chigorin Memorial 08th"]
[Site "St Petersburg"]
[Date "2000.11.06"]
[Round "6"]
[White "Suprun, Alexandr"]
[Black "Ivanov, Dmitry2222"]
[Result "1-0"]
[WhiteElo "2082"]
[BlackElo "2265"]
[PlyCount "75"]
[EventDate "2000.10.31"]
[EventType "swiss"]
[EventRounds "9"]
[EventCountry "RUS"]
[SourceTitle "EXT 2001"]
[Source "ChessBase"]
[SourceDate "2000.11.22"]
[SourceVersion "1"]
[SourceVersionDate "2000.11.22"]
[SourceQuality "1"]

1. e4 c5 2. Nf3 Nc6 3. Bb5 e6 4. 0-0 d5 5. exd5 exd5 6. Re1+ Be7 7. d4 cxd4 8. Nxd4 Bd7 9. Bg5 Qb6 10. Nc3 Qc5 11. Nb3 Qd6 12. Nxd5 Be6 13. Bxe7 Qxd5 14. Qxd5 Bxd5 15. Ba3+ Be6 16. Nc5 0-0-0 17. Nxe6 fxe6 18. Bxc6 bxc6 19. Rxe6 Kb7 20. Rae1 Kb6 21. Bd6 Nf6 22. c4 Rhg8 23. b3 Rd7 24. c5+ Kb5 25. h3 Nd5 26. a3 a5 27. Re8 Rd8 28. Rxg8 Rxg8 29. Re4 Nc3 30. Re7 Nd5 31. a4+ Ka6 32. Rf7 h5 33. f4 g6 34. g3 Re8 35. Be5 Nb4 36. Rg7 Re6 37. Bb8 Re1+ 38. Kg2 1-0

[Event "Chigorin Memorial 08th"]
[Site "St Petersburg"]
[Date "2000.10.31"]
[Round "1"]
[White "Varavin, Viktor"]
[Black "Suprun, Alexandr"]
[Result "1-0"]
[WhiteElo "2390"]
[BlackElo "2082"]
[PlyCount "63"]
[EventDate "2000.10.31"]
[EventType "swiss"]
[EventRounds "9"]
[EventCountry "RUS"]
[SourceTitle "EXT 2001"]
[Source "ChessBase"]
[SourceDate "2000.11.22"]
[SourceVersion "1"]
[SourceVersionDate "2000.11.22"]
[SourceQuality "1"]

1. e4 c5 2. Nf3 Nc6 3. d4 cxd4 4. Nxd4 g6 5. Nc3 Bg7 6. Be3 Nf6 7. Nxc6 bxc6 8. e5 Ng8 9. Bd4 c5 10. Bxc5 Qc7 11. Bd4 Bxe5 12. Bxe5 Qxe5+ 13. Qe2 Qxe2+ 14. Bxe2 Rb8 15. 0-0-0 Nf6 16. g4 d6 17. Rd4 Be6 18. Ra4 Bd7 19. Rxa7 Nxg4 20. Rxd7 Nxf2 21. Rf1 Kxd7 22. Rxf2 f5 23. Bb5+ Kd8 24. a4 e6 25. Re2 e5 26. Rd2 Ke7 27. Nd5+ Kd8 28. Nb4 Rb6 29. c4 e4 30. c5 e3 31. cxb6 exd2+ 32. Kxd2 1-0